000 00994cam a2200265 i 4500
003 IT-RoINE
005 20190723101252.0
008 010928s2001 sp | r o||| ||spa d
020 _a8436241460
040 _aSpMaBN
_bspa
_cSpMaBN IT-RoINE
_erdc
_dIT-RoINE
100 1 _aRabazas Romero, María Teresa,
_d1964-
_961742
245 1 4 _aLos manuales de pedagogía y la formación del profesorado en las escuelas normales de España (1839-1901) /
_cTeresa Rabazas Romero.
260 _aMadrid :
_bUNED,
_c2001.
300 _a453 p. :
_bgráf. ;
_c24 cm.
336 _2rdacontent
_atext
337 _2rdamedia
_aunmediated
338 _2rdacarrier
_avolume
490 1 _aSerie "Proyecto Manes"
500 _aAnexo: catálogo bibliográfico": p. [315]-453.
504 _aBibliografía: p. [285]-313.
650 4 _aProfesores
_xFormación profesional
_zEspaña
_ySiglo 19o.
_961743
650 4 _aLibros de textos
_zEspaña
_ySiglo 19o.
_961744
830 0 _aSerie Proyecto Manes
_961745
942 _cMTS
999 _c31493
_d31493